000 00573nam a22001817a 4500
005 20231214085301.0
008 231214b |||||||| |||| 00| 0 eng d
020 _a9780409022315 ; 9780409118759
041 _aEnglish
082 _a344.5 MIL
100 _aMilo, D and Stein, P
_lEnglish
245 _aA Practical Guide yo Media Law /
_cD Milo and P Stein
250 _aFirst Edition
260 _aDurban :
_bLexisNexis (Pty) Ltd,
_c2013
300 _bxiv, 237 pages ;
_c25 cm.
650 _aLegal practice
_bLaw
942 _cBK
_6ALISON_BN_VRIES
999 _c1202
_d1202